书目信息 |
| 题名: |
河蟹实用养殖技术问答
|
|
| 作者: | 占家智 , 汪永忠 , 羊茜 编著 | |
| 分册: | ||
| 出版信息: | 北京 金盾出版社 2018 |
|
| 页数: | 216页 | |
| 开本: | 21cm | |
| 丛书名: | ||
| 单 册: | ||
| 中图分类: | S966.16 | |
| 科图分类: | ||
| 主题词: | 养蟹--淡水养殖--问题解答 | |
| 电子资源: | ||
| ISBN: | 978-7-5082-9905-1 | |
| 000 | 00889nam0 2200241 450 | |
| 001 | 2362993008 | |
| 005 | 20231222173019.00 | |
| 010 | @a978-7-5082-9905-1@dCNY 22.00 | |
| 100 | @a20181112d2018 em y0chiy0120 ea | |
| 101 | 0 | @achi |
| 102 | @aCN@b110000 | |
| 105 | @aa z 000yy | |
| 200 | 1 | @a河蟹实用养殖技术问答@Ahe xie shi yong yang zhi ji shu wen da@b专著@f占家智,汪永忠,羊茜编著 |
| 210 | @a北京@c金盾出版社@d2018 | |
| 215 | @a216页@c图@d21cm | |
| 330 | @a本书以问答的形式,重点介绍了河蟹仔蟹的培育,幼蟹的培育,成蟹养殖技术,河蟹疾病的预防与治疗技术,还介绍了河蟹饲料的供应及水草的种植技术,并对河蟹的运输也进行了一定的介绍。 | |
| 606 | 0 | @a养蟹@x淡水养殖@j问题解答 |
| 690 | @aS966.16@v5 | |
| 701 | 0 | @a占家智@Azhan jia zhi@4编著 |
| 701 | 0 | @a汪永忠@Awang yong zhong@4编著 |
| 701 | 0 | @a羊茜@Ayang qian@4编著 |
| 801 | 2 | @aCN@b辽宁北配@c20231205 |
| 905 | @aBZT@dS966.16@e105 | |
| 河蟹实用养殖技术问答/占家智,汪永忠,羊茜编著.-北京:金盾出版社,2018 |
| 216页:图;21cm |
| ISBN 978-7-5082-9905-1:CNY 22.00 |
| 本书以问答的形式,重点介绍了河蟹仔蟹的培育,幼蟹的培育,成蟹养殖技术,河蟹疾病的预防与治疗技术,还介绍了河蟹饲料的供应及水草的种植技术,并对河蟹的运输也进行了一定的介绍。 |
| ● |
| 相关链接 |
|
|
|
正题名:河蟹实用养殖技术问答
索取号:S966.16/105
 
预约/预借
| 序号 | 登录号 | 条形码 | 馆藏地/架位号 | 状态 | 备注 |
| 1 | 2001680382 | 2001680382 | 516书库/ [索取号:S966.16/105] | 在馆 | |
| 2 | 2001680383 | 2001680383 | 516书库/ [索取号:S966.16/105] | 在馆 | |
| 3 | 2001680384 | 2001680384 | 516书库/ [索取号:S966.16/105] | 在馆 | |
| 4 | 2001680385 | 2001680385 | 516书库/ [索取号:S966.16/105] | 在馆 | |
| 5 | 2001680386 | 2001680386 | 516书库/ [索取号:S966.16/105] | 在馆 | |
| 6 | 2001680387 | 2001680387 | 516书库/ [索取号:S966.16/105] | 在馆 | |
| 7 | 2001680388 | 2001680388 | 516书库/ [索取号:S966.16/105] | 在馆 | |
| 8 | 2001680389 | 2001680389 | 516书库/ [索取号:S966.16/105] | 在馆 | |
| 9 | 2001680390 | 2001680390 | 516书库/ [索取号:S966.16/105] | 在馆 | |
| 10 | 2001680391 | 2001680391 | 516书库/ [索取号:S966.16/105] | 在馆 | |
| 11 | 2001680392 | 2001680392 | 516书库/ [索取号:S966.16/105] | 在馆 | |
| 12 | 2001680393 | 2001680393 | 516书库/ [索取号:S966.16/105] | 在馆 | |
| 13 | 2001680394 | 2001680394 | 516书库/ [索取号:S966.16/105] | 在馆 | |
| 14 | 2001680395 | 2001680395 | 516书库/ [索取号:S966.16/105] | 在馆 | |
| 15 | 2001680396 | 2001680396 | 516书库/ [索取号:S966.16/105] | 在馆 | |
| 16 | 2001680397 | 2001680397 | 516书库/ [索取号:S966.16/105] | 在馆 | |
| 17 | 2001680398 | 2001680398 | 516书库/ [索取号:S966.16/105] | 在馆 | |
| 18 | 2001680399 | 2001680399 | 516书库/ [索取号:S966.16/105] | 在馆 | |
| 19 | 2001680400 | 2001680400 | 516书库/ [索取号:S966.16/105] | 在馆 | |
| 20 | 2001680401 | 2001680401 | 516书库/ [索取号:S966.16/105] | 在馆 | |
| 21 | 2001680402 | 2001680402 | 516书库/ [索取号:S966.16/105] | 在馆 | |
| 22 | 2001680403 | 2001680403 | 516书库/ [索取号:S966.16/105] | 在馆 | |
| 23 | 2001680404 | 2001680404 | 516书库/ [索取号:S966.16/105] | 在馆 | |
| 24 | 2001680405 | 2001680405 | 516书库/ [索取号:S966.16/105] | 在馆 | |
| 25 | 2001680406 | 2001680406 | 516书库/ [索取号:S966.16/105] | 在馆 | |
| 26 | 2001680407 | 2001680407 | 516书库/ [索取号:S966.16/105] | 在馆 | |
| 27 | 2001680408 | 2001680408 | 516书库/ [索取号:S966.16/105] | 在馆 | |
| 28 | 2001680409 | 2001680409 | 516书库/ [索取号:S966.16/105] | 在馆 | |
| 29 | 2001680410 | 2001680410 | 516书库/ [索取号:S966.16/105] | 在馆 | |
| 30 | 2001680411 | 2001680411 | 516书库/ [索取号:S966.16/105] | 在馆 |